000 00936nam a22002537a 4500
003 UA-OsUOA
001 25946
007 ta
008 20040430b un ||||| |||| 00| 0 ukr d
090 _a372.4
_bО-26
942 _cBK
040 _aUA-OsUOA
_brus
_cUA-OsUOA
_dUA-OsUOA
245 _aОбучение в 4 классе
_bПособие для учителя четырехлетней школы в двух книгах
_cРед. Б.И.Фоминых
_nПриродоведение. Внекласное чтение. Трудовое обучение. Изобразительное искусство. Физичесная культура. Музыка
300 _a320 с.
_bІлюстрації
955 _a0
041 _arus
080 _a372.4
020 _a5-09-001404-3
260 _aМосква
_bПросвещение
_c1989
246 3 1 _aКнига 2
_n
044 _aRU
650 7 _2UDC
999 _c312251
_d312251